000 00399nam a22001697a 4500
005 20180703165020.0
008 160511b xxu||||| |||| 00| 0 eng d
020 _a978-0-07-065665-9
041 _aeng
082 _b1380
_a658.15
100 _aChandra, Prasanna
_91156
245 _aFinancial Management
260 _aNew Delhi
_bTMH
300 _a1124p,
650 _aManagement
_9241
942 _cBK
999 _c601
_d601